000 00379nam a2200133 i 4500
001 bg
100 1 _aWITAKOWSKI, Adam
245 0 _aMierniki - oceny działalności i system bodźców materialnego zainteresowania w budownictwie /
_cAdam Witakowski.
260 _aWarszawa,
_c1977.
040 _cBPK
041 _apol
942 _cKS
008 s pl f |000 0 pol
999 _c27043
_d27043
856 _uhttp://koha.tu.koszalin.pl/cgi-bin/koha/opac-detail.pl?biblionumber=27043
_yKatalog online BPK